000
00298nam a22001337a 4500
008
181017b xxu||||| |||| 00| 0 eng d
020
_a
9780618052837
041
_a
eng
080
_2
5 ed
_a
510
100
_a
37
101
_a
mat
245
_a
Algebra And Trigometry
_c
Larson.h
942
_2
udc
_c
BK
999
_c
49998
_d
49998